000 01421cam a2200277 4500
008 090401t1999 xxu||||| |||| 00| 0 eng d
020 _a0854069615
035 _a(Sirsi) u99944
041 _aeng
050 _a306.1
110 _aRoyal Institution of Chartered Surveyors
_94900
245 _aAnnual review of european housing markets 1999.
260 _aLondon
_bRoyal Institution of Chartered Surveyors
_c1999
300 _a86p. ; 24cm.
350 _a0
520 _aThis assessment of European Union housing markets gives access to essential housIng data. It covers Austria, Belgium, Denmark, Finland, France, Germany, Greece, Republic of Ireland, Italy, Netherlands, Spain, Sweden, Switzerland and the United Kingdom. Information has been gathered by experts to provide: coverage of EU housing and mortgage finance systems; interpretations of data and events; quick reference information on 1 European countries; evaluation of the growth of home ownership in the EU; consideration of the role played by rental housing in individual countries; comment on housing markets in the context of macroeconomic and other policies; and key references.
600 _aHOUSING MARKET
650 _aEUROPE
650 _aRESIDENTIAL
650 _aHOUSING MARKET
690 _aHOUSING
700 _aBall, Michael
710 _aEuropean Society of Chartered Surveyors
_92629
942 _n0
948 _c04/06/1999
999 _c99530
_d99530